logo

ERRORES Y ESTRAVIOS (Record no. 29138)

MARC details
000 -CABECERA
campo de control de longitud fija 00387nam a2200169Ia 4500
001 - NÚMERO DE CONTROL
campo de control 28520
005 - FECHA Y HORA DE LA ÚLTIMA TRANSACCIÓN
campo de control 20260407082602.0
008 - CÓDIGOS DE INFORMACIÓN DE LONGITUD FIJA
campo de control de longitud fija 260115s9999 xx 000 0 und d
035 ## - NÚMERO DE CONTROL DEL SISTEMA
Número de control de sistema 16712
090 ## - LOCALMENTE ASIGNADO TIPO-LC NÚMERO DE CLASIFICACIÓN (OCLC); NÚMERO DE CLASIFICACIÓN LOCAL (RLIN)
Número de clasificación (OCLC) (R) ; Numero de clasificación CALL (RLIN) (NR) 823-311.2
100 ## - PUNTO DE ACCESO PRINCIPAL - NOMBRE DE PERSONA
Nombre de persona FONTANE THEODOR
245 #0 - MENCIÓN DE TÍTULO
Título ERRORES Y ESTRAVIOS
260 ## - PUBLICACIÓN, DISTRIBUCIÓN, ETC. (PIE DE IMPRENTA)
Nombre del editor distribuidor etc. CATEDRA
Fecha de publicación distribución etc. 1984
630 ## - PUNTO DE ACCESO ADICIONAL DE MATERIA--TÍTULO UNIFORME
Título uniforme NOVELA REALISTA
650 ## - PUNTO DE ACCESO ADICIONAL DE MATERIA--TÉRMINO DE MATERIA
Término de materia o nombre geográfico como elemento inicial LITERATURA ALEMANA
942 ## - ELEMENTOS DE PUNTO DE ACCESO ADICIONAL (KOHA)
Tipo de ítem Koha Monografías
Holdings
Estado de retiro Estado de pérdida Estado dañado No para préstamo Código de colección Localización permanente Ubicación/localización actual Fecha de adquisición Total de préstamos Signatura topográfica completa Código de barras Fecha visto por última vez Número de copia Precio válido a partir de Tipo de ítem Koha Nota pública
          Servicio de Estudios Históricos Servicio de Estudios Históricos 27/11/2003   823-311.2 22958 05/02/2026 1 05/02/2026 Monografías 18 CTMS. 236 PAGS. LETRAS UNIVERSALES Nº 11